Los modelos, proyectos y polt̕icas de participacin̤ en grandes y medias ciudades

Detalles Bibliográficos
Otros Autores: Arenilla Sèz, Manuel (Conductor)
Formato: Desconocido
Lenguaje:español
Publicado: Madrid : Dykinson, [2007]
Materias:
Acceso en línea:Acceso restringido

MARC

LEADER 00000ny a22000003n 4500
005 20110620130257.0
006 m u
007 cr cn|||||||||
008 200807r20072008sp |||||s|||||||||||spa d
020 |a 9788498490640 
035 |a 2322 
040 |a FlNmELB  |c FlNmELB  |d vlex 
050 1 4 |a JF2049  |b M689 2007eb 
080 |a 35 
090 |c 1374  |d 1374 
245 0 4 |a Los modelos, proyectos y polt̕icas de participacin̤ en grandes y medias ciudades  |h [Recurso electrn̤ico]  |c director, Manuel Arenilla Sèz, ...[et al.] 
256 |a Servicio en ln̕ea 
260 |a Madrid :  |b Dykinson,  |c [2007] 
300 |a 11-209 p 
506 1 |a Contenido solo disponible en los productos indicados  |d vLex Global  |d vLex Global (Academic Edition, excluding Law Schools)  |d vLex Global (U.S. Academic Edition, Law Schools)  |d vLex Global (U.S. Academic Edition, excluding Law Schools)  |d vLex Global (Academic Edition, Law Schools) 
650 0 7 |2 Tesauro vLex  |a Derechos humanos 
650 0 7 |2 Tesauro vLex  |a Constitucional 
650 0 7 |2 Tesauro vLex  |a Participacin̤ ciudadana 
650 0 7 |2 Tesauro vLex  |a Derecho de participacin̤ 
700 1 |a Arenilla Sèz, Manuel,   |e dir 
740 0 |a vLex Libros (Servicios en ln̕ea) 
856 4 0 |z Acceso restringido  |u http://vlex.com/source/2322 
942 |c BOOK